000
00284nam a22001217a 4500
020
_a
981-3005-18-1
082
_a
005.3 DYS'M
100
_a
DYSON, PETER
_9
59160
245
_a
MASTERING PC TOOLS DELUXE
260
_a
SINGAPORE
_b
TECH PUBLICATIONS
_c
1990
300
_a
399P
942
_c
BK
999
_c
570456
_d
570456